[Event "GER-ch U10"]
[Site "Willingen"]
[Date "2001.06.08"]
[Round "9"]
[White "Schaefer, Paul"]
[Black "Gaier, Richard"]
[Result "1/2-1/2"]
[WhiteElo "975"]
[BlackElo "1196"]
[PlyCount "80"]
[EventDate "2001.06.03"]
[EventType "swiss"]
[EventRounds "11"]
[EventCountry "GER"]
[SourceTitle "EXT 2003"]
[Source "ChessBase"]
[SourceDate "2002.11.25"]
[SourceVersion "1"]
[SourceVersionDate "2002.11.25"]
[SourceQuality "1"]

1. e4 e5 2. Nf3 Nf6 3. Nxe5 d6 4. Nf3 Nxe4 5. Bc4 d5 6. Bb3 Bc5 7. 0-0 Nc6 8. d4 Bd6 9. Re1 Be6 10. Nc3 Nxc3 11. bxc3 0-0 12. Be3 Ne7 13. Qd2 Nf5 14. Qd3 Nh4 15. Ng5 Bf5 16. Qb5 Be7 17. Qxd5 Qxd5 18. Bxd5 c6 19. Bb3 Bxg5 20. Bxg5 Ng6 21. c4 Rfe8 22. d5 h6 23. Be3 Nh4 24. Ba4 Be4 25. d6 Bxg2 26. Red1 Bf3 27. Rd4 Nf5 28. Rd3 Be2 29. d7 Red8 30. Rd2 Bxc4 31. Bf4 Nh4 32. Rdd1 Bd5 33. c4 Bxc4 34. Bc7 Nf3+ 35. Kg2 Nh4+ 36. Kh3 Be6+ 37. Kxh4 Rxd7 38. Rxd7 Bxd7 39. Rd1 g5+ 40. Kh5 Be6 1/2-1/2

[Event "GER-ch U10"]
[Site "Willingen"]
[Date "2001.06.06"]
[Round "6"]
[White "Maier, Maximilian"]
[Black "Schaefer, Paul"]
[Result "0-1"]
[WhiteElo "1137"]
[BlackElo "975"]
[PlyCount "32"]
[EventDate "2001.06.03"]
[EventType "swiss"]
[EventRounds "11"]
[EventCountry "GER"]
[SourceTitle "EXT 2003"]
[Source "ChessBase"]
[SourceDate "2002.11.25"]
[SourceVersion "1"]
[SourceVersionDate "2002.11.25"]
[SourceQuality "1"]

1. d4 d5 2. c4 e6 3. Nc3 Nf6 4. Bg5 Bb4 5. Qa4+ Nc6 6. cxd5 exd5 7. Nf3 Bd7 8. h3 Nxd4 9. Qd1 Nxf3+ 10. exf3 0-0 11. Bxf6 Qxf6 12. Qxd5 Bxc3+ 13. bxc3 Qxc3+ 14. Ke2 Rfe8+ 15. Kd1 Ba4+ 16. Qb3 Re1# 0-1